The rosary
Αποθηκεύτηκε σε:
| Κύριος συγγραφέας: | |
|---|---|
| Άλλοι συγγραφείς: | |
| Μορφή: | Βιβλίο |
| Γλώσσα: | English |
| Δημοσίευση: |
[London] :
Longmans,
[1959]
|
| Σειρά: | New method supplementary reader ;
; stage 5 |
| Θέματα: | |
| Ετικέτες: |
Προσθήκη ετικέτας
Δεν υπάρχουν, Καταχωρήστε ετικέτα πρώτοι!
|
MARC
| LEADER | 00000cam a2200000 i 4500 | ||
|---|---|---|---|
| 001 | 1/97646 | ||
| 008 | 081119r19591957 eng d | ||
| 035 | |l 10101796 | ||
| 040 | |a GR-MY-UA |b gre |e aacr | ||
| 041 | 0 | |a eng | |
| 082 | 0 | |a 428.6 |2 (22) | |
| 100 | 1 | |a Barclay, Florence L. |q (Florence Louisa), |d 1862-1921. | |
| 245 | 1 | 4 | |a The rosary / |c by Florence L. Barclay ; abridged and simplified within the vocabulary of New Method Reader 5 ; illustrated by Terence Freeman |
| 260 | |a [London] : |b Longmans, |c [1959] | ||
| 300 | |a 105 σ.; |c 19 εκ. | ||
| 490 | 1 | |a New method supplementary reader |v ; stage 5 | |
| 500 | |a "Fourth impression 1959" | ||
| 650 | 0 | 0 | |a Readers |y 1950- |
| 650 | 0 | 0 | |a English language |x Readers. |
| 650 | 0 | 0 | |a English language |v Textbooks for foreign speakers. |
| 700 | 1 | |a Freeman, Terence. |4 ill | |
| 830 | 0 | |a New method supplementary reader ; |v ; stage 5 | |
| 852 | |a INST |b RHODES |c AKA |e 20081119 |h 428.6 BAR |p 005400031395 |q 005400031395 |t BK |y 0 | ||
| 901 | |a BIBL4-2008-3 | ||
| 909 | |a Ρ |b 156378 | ||
| 970 | |a ΚΟΖΑ |b ΜΑΡΙΑ |z 2008/11/19 | ||